Fluid mechanics : (Record no. 804)
[ view plain ]
| 000 -LEADER | |
|---|---|
| fixed length control field | 01424nac a22003851u 4500 |
| 003 - CONTROL NUMBER IDENTIFIER | |
| control field | EG-ScBUE |
| 005 - DATE AND TIME OF LATEST TRANSACTION | |
| control field | 20210613121410.0 |
| 006 - FIXED-LENGTH DATA ELEMENTS--ADDITIONAL MATERIAL CHARACTERISTICS--GENERAL INFORMATION | |
| fixed length control field | m||||fq||h 00| 0 |
| 008 - FIXED-LENGTH DATA ELEMENTS--GENERAL INFORMATION | |
| fixed length control field | 081105t2006 nyua f b 001 0 eng d |
| 020 ## - INTERNATIONAL STANDARD BOOK NUMBER | |
| International Standard Book Number | 9780071117203 |
| 020 ## - INTERNATIONAL STANDARD BOOK NUMBER | |
| International Standard Book Number | 97800711115667 |
| 020 ## - INTERNATIONAL STANDARD BOOK NUMBER | |
| International Standard Book Number | 0071115668 |
| 020 ## - INTERNATIONAL STANDARD BOOK NUMBER | |
| International Standard Book Number | 0071117202 |
| 040 ## - CATALOGING SOURCE | |
| Original cataloging agency | EG-ScBUE |
| Language of cataloging | eng |
| Description conventions | rda |
| Transcribing agency | EG-ScBUE |
| Modifying agency | EG-ScBUE |
| 082 04 - DEWEY DECIMAL CLASSIFICATION NUMBER | |
| Classification number | 620.106 |
| Item number | CEN |
| Edition number | 22 |
| 100 1# - MAIN ENTRY--PERSONAL NAME | |
| Personal name | Cengel, Yunus A., |
| Relator term | author. |
| 9 (RLIN) | 26329 |
| 245 10 - TITLE STATEMENT | |
| Title | Fluid mechanics : |
| Remainder of title | fundamentals and applications / |
| Statement of responsibility, etc | Yunus A. Cengel, Department of Mechanical Engineering, University of Nevada, Reno, John M. Cimbala, Department of Mechanical and Nuclear Engineering, the Pennsylvania State University. |
| 264 #1 - PUBLICATION, DISTRIBUTION, ETC. (IMPRINT) | |
| Place of publication, distribution, etc | New York, NY : |
| Name of publisher, distributor, etc | McGraw-Hill, Higher Education, |
| Date of publication, distribution, etc | [2006] |
| 264 #4 - PUBLICATION, DISTRIBUTION, ETC. (IMPRINT) | |
| Date of publication, distribution, etc | c2006 |
| 300 ## - PHYSICAL DESCRIPTION | |
| Extent | xxv, 956 pages : |
| Other physical details | illustrations ; |
| Dimensions | 26 cm. + |
| Accompanying material | 1 DVD |
| 336 ## - CONTENT TYPE | |
| Source | rdacontent |
| Content type term | text |
| Content type code | txt |
| 336 ## - CONTENT TYPE | |
| Source | rdacontent |
| Content type term | spoken word |
| Content type code | spw |
| 337 ## - MEDIA TYPE | |
| Source | rdamedia |
| Media type term | unmediated |
| Media type code | n |
| 337 ## - MEDIA TYPE | |
| Source | rdamedia |
| Media type term | video |
| Media type code | v |
| 338 ## - CARRIER TYPE | |
| Source | rdacarrier |
| Carrier type term | volume |
| Carrier type code | nc |
| 338 ## - CARRIER TYPE | |
| Source | rdacarrier |
| Carrier type term | computer disc |
| Carrier type code | cd |
| 504 ## - BIBLIOGRAPHY, ETC. NOTE | |
| Bibliography, etc | Includes bibliographical references and index. |
| 650 #7 - SUBJECT ADDED ENTRY--TOPICAL TERM | |
| Topical term or geographic name as entry element | Fluid dynamics. |
| Source of heading or term | BUEsh |
| 650 #7 - SUBJECT ADDED ENTRY--TOPICAL TERM | |
| Topical term or geographic name as entry element | Fluid mechanics. |
| Source of heading or term | BUEsh |
| 651 ## - SUBJECT ADDED ENTRY--GEOGRAPHIC NAME | |
| Source of heading or term | BUEsh |
| 653 ## - INDEX TERM--UNCONTROLLED | |
| Resource For college | Engineering, Mechanical |
| Arrived date list | June2021 |
| 655 ## - INDEX TERM--GENRE/FORM | |
| Form subdivision | Reading book |
| 9 (RLIN) | 34232 |
| 700 1# - ADDED ENTRY--PERSONAL NAME | |
| Personal name | Cimbala, John M., |
| Relator term | author. |
| 9 (RLIN) | 26330 |
| 942 ## - ADDED ENTRY ELEMENTS (KOHA) | |
| Koha item type | Book - Borrowing |
| Call number prefix | 620.106 CEN |
| Source of classification or shelving scheme | Dewey Decimal Classification |
| Withdrawn status | Lost status | Source of classification or shelving scheme | Damaged status | Not for loan | Collection code | Home library | Current library | Shelving location | Date acquired | Source of acquisition | Cost, normal purchase price | Total Checkouts | Total Renewals | Full call number | Barcode | Date last seen | Date checked out | Cost, replacement price | Price effective from | Koha item type | Materials specified (bound volume or other part) |
|---|---|---|---|---|---|---|---|---|---|---|---|---|---|---|---|---|---|---|---|---|---|
| Dewey Decimal Classification | Central Library | Central Library | First floor | 12/04/2007 | 180.00 | 31 | 89 | 620.106 CEN | 000003755 | 15/07/2025 | 03/11/2015 | 225.00 | 30/07/2006 | Book - Borrowing | |||||||
| Central Library | Central Library | First floor | 12/04/2007 | Purchase | 180.00 | 28 | 113 | 620.106 CEN | 000001507 | 15/07/2025 | 15/05/2023 | 225.00 | 24/10/2007 | Book - Borrowing | |||||||
| Lost | Dewey Decimal Classification | Central Library | Central Library | First floor | 05/11/2008 | Purchase | 180.00 | 3 | 1 | 620.106 CEN | 000013630 | 20/01/2009 | 15/01/2009 | 225.00 | Book - Borrowing | Lost In Inventory_2005-2015/8/22 | |||||
| Dewey Decimal Classification | Central Library | Central Library | First floor | 19/01/2009 | 180.00 | 620.106 CEN | 000015022 | 24/08/2022 | 225.00 | 19/01/2009 | CD | DVD - With book (NB) | ||||||||||
| Lost | Dewey Decimal Classification | Central Library | Central Library | First floor | 26/02/2009 | 180.00 | 5 | 620.106 CEN | 000013629 | 01/07/2011 | 13/05/2010 | 225.00 | 26/02/2009 | NB - Book (Non borrowing) | Lost In Inventory_2015-8-23 | ||||||
| Dewey Decimal Classification | Central Library | Central Library | First floor | 25/03/2009 | 180.00 | 620.106 CEN | 000015481 | 24/08/2022 | 225.00 | 25/03/2009 | CD | DVD - With book | ||||||||||
| Dewey Decimal Classification | Central Library | Central Library | First floor | 18/07/2011 | 180.00 | 620.106 CEN | 000009775 | 24/08/2022 | 225.00 | 18/07/2011 | CD | DVD - With book | ||||||||||
| Dewey Decimal Classification | Central Library | Central Library | First floor | 18/07/2011 | 180.00 | 620.106 CEN | 000006858 | 24/08/2022 | 225.00 | 18/07/2011 | CD | DVD - With book | ||||||||||
| Dewey Decimal Classification | Donation-Gift | Central Library | Central Library | First floor | 13/06/2021 | Donation | 3 | 35 | 620.106 CEN | 000050328 | 15/07/2025 | 19/02/2025 | 13/06/2021 | Book - Borrowing |